La presència de l'etern / (Record no. 135086)

MARC details
000 -LEADER
campo de control de longitud fija 00668nam a2200229 i 4500
001 - NÚMERO DE CONTROL
campo de control 135086
003 - IDENTIFICADOR DE NÚMERO DE CONTROL
campo de control ES-MaACL
005 - FECHA Y HORA DE LA ÚLTIMA TRANSACCIÓN
campo de control 20250824221335.0
007 - CAMPO FIJO DE DESCRIPCIÓN FÍSICA--INFORMACIÓN GENERAL
campo de control de longitud fija t|
008 - DATOS DE LONGITUD FIJA--INFORMACIÓN GENERAL
campo de control de longitud fija 070709s1970 sp ||||1| cat d
080 ## - NÚMERO DE LA CLASIFICACIÓN DECIMAL UNIVERSAL
Número de la Clasificación Decimal Universal 252
100 1# - ENTRADA PRINCIPAL--NOMBRE DE PERSONA
Nombre de persona Tillich, Paul.
9 (RLIN) 110266
245 13 - MENCIÓN DEL TÍTULO
Título La presència de l'etern /
Mención de responsabilidad, etc. Paul Tillich ; [traductor, Alfred Badia i Gabarró].
250 ## - MENCION DE EDICION
Mención de edición [1ª ed.].
260 ## - PUBLICACIÓN, DISTRIBUCIÓN, ETC.
Lugar de publicación, distribución, etc. [Barcelona] :
Nombre del editor, distribuidor, etc. Ariel,
Fecha de publicación, distribución, etc. [1970]
300 ## - DESCRIPCIÓN FÍSICA
Extensión 204 p. ;
Dimensiones 19 cm.
490 1# - MENCIÓN DE SERIE
Mención de serie Libros del Nopal
700 1# - ENTRADA AGREGADA--NOMBRE PERSONAL
Nombre de persona Badia y Gabarro, Alfredo.
9 (RLIN) 24547
830 00 - PUNTO DE ACCESO ADICIONAL DE SERIE-TÍTULO UNIFORME
Título uniforme Libros del Nopal
9 (RLIN) 182786
852 ## - LOCALIZACIÓN
Ubicación ES-MaACL
Número de control de estantería C-51755
Sublocalización o colección R.76086
Holdings
Estatus retirado Estado de pérdida Estado de daño No para préstamo Biblioteca de origen Biblioteca actual Ubicación en estantería Fecha de adquisición Fuente de adquisición Total de préstamos Signatura topográfica completa Código de barras Visto por última vez Precio de reemplazo Tipo de ítem Koha
        Biblioteca del Ateneo de Madrid Biblioteca del Ateneo de Madrid Depósito 2 17/01/2008     C-51755 1140604 23/02/2023 23/02/2023 Libro impreso